000 00542 a2200217 4500
005 20250226110406.0
008 250226b |||||||| |||| 00| 0 eng d
020 _a9789357059282
_cRs. 1020.00
040 _aMAIN
082 _a620.106
_bE65F(7)
100 _aEsposito, Anthony
245 _aFluid power with applications
250 _a7th
260 _bPearson India
_c2024
_aNoida
300 _axii, 639
650 _aEngineering
650 _aFluid Power
650 _aHydraulic Systems
700 _aHarsha, A P
942 _cBK
999 _c386565
_d386565